[Event "San Francisco TNM Spring op"]
[White "Schlosberg, Max"]
[Black "Lkhagvasuren, Zolboo"]
[Site "San Francisco"]
[Round "1"]
[Result "0-1"]
[Date "2014.03.18"]
[WhiteElo "1180"]
[BlackElo "1802"]
[PlyCount "52"]
[EventDate "2014.03.18"]
[EventType "swiss"]
[EventRounds "8"]
[EventCountry "USA"]
[SourceTitle "EXT 2016"]
[Source "ChessBase"]
[SourceDate "2015.10.08"]
[SourceVersion "1"]
[SourceVersionDate "2015.10.08"]
[SourceQuality "1"]

1. e4 c5 2. Nc3 d6 3. f4 Nc6 4. Nf3 Nf6 5. Bc4 a6 6. a4 Bg4 7. h3 Bd7 8. d4 cxd4 9. Nxd4 e6 10. 0-0 Qb6 11. Be3 Qxb2 12. Qd2 Qb4 13. Be2 Rb8 14. Rfb1 Qa5 15. Nxc6 Bxc6 16. Bf3 Qc7 17. Ba7 Rc8 18. Bb6 Qd7 19. Qe3 Be7 20. Ba5 0-0 21. Qb6 d5 22. exd5 Bxd5 23. Qb2 Bxf3 24. gxf3 Qd4+ 25. Kg2 Nh5 26. Bb6 Qxc3 0-1

[Event "San Francisco TNM Winter op"]
[White "Schlosberg, Max"]
[Black "Yamamoto, Craig"]
[Site "San Francisco"]
[Round "3"]
[Result "1/2-1/2"]
[Date "2014.01.21"]
[WhiteElo "1267"]
[BlackElo "1500"]
[PlyCount "97"]
[EventDate "2014.01.07"]
[EventType "swiss"]
[EventRounds "8"]
[EventCountry "USA"]
[SourceTitle "EXT 2016"]
[Source "ChessBase"]
[SourceDate "2015.10.08"]
[SourceVersion "1"]
[SourceVersionDate "2015.10.08"]
[SourceQuality "1"]

1. e4 c6 2. d4 d5 3. Nc3 dxe4 4. Nxe4 Nd7 5. Bc4 Ngf6 6. Ng5 e6 7. Ne2 Nb6 8. Bd3 c5 9. c3 Bd7 10. Be3 Rc8 11. Nf3 c4 12. Bc2 Bc6 13. Ng3 Bd5 14. 0-0 Bd6 15. Qd2 Bxf3 16. gxf3 Nbd5 17. Kg2 Nxe3+ 18. fxe3 Nd5 19. Ba4+ Kf8 20. Ne4 Bb8 21. Rg1 Qc7 22. Ng3 h5 23. e4 h4 24. Nf1 Nf4+ 25. Kh1 h3 26. e5 Ng2 27. Qg5 a6 28. Ne3 b5 29. Nxg2 hxg2+ 30. Rxg2 g6 31. Bc2 Qe7 32. Qf4 Rh4 33. Rg4 Rxg4 34. fxg4 Kg7 35. g5 Rh8 36. Rf1 Rh5 37. Qf6+ Qxf6 38. gxf6+ Kh6 39. Rg1 Rh4 40. Kg2 Rh5 41. Bd1 Rg5+ 42. Kf2 Rf5+ 43. Ke3 Bxe5 44. Bg4 Bxd4+ 45. Kxd4 Rxf6 46. Ke3 g5 47. Be2 Rf5 48. Rf1 Re5+ 49. Kd2 1/2-1/2

[Event "San Francisco TNM Fall op"]
[White "Drane, Robert W"]
[Black "Schlosberg, Max"]
[Site "San Francisco"]
[Round "6"]
[Result "0-1"]
[Date "2013.11.26"]
[WhiteElo "1811"]
[BlackElo "1287"]
[PlyCount "68"]
[EventDate "2013.10.22"]
[EventType "swiss"]
[EventRounds "9"]
[EventCountry "USA"]
[SourceTitle "EXT 2016"]
[Source "ChessBase"]
[SourceDate "2015.10.08"]
[SourceVersion "1"]
[SourceVersionDate "2015.10.08"]
[SourceQuality "1"]

1. e4 e5 2. Bc4 Bc5 3. Nc3 Nc6 4. d3 d6 5. Na4 Bb6 6. Nxb6 axb6 7. c3 Na5 8. Bb5+ Bd7 9. Bxd7+ Qxd7 10. f4 Nc6 11. Nf3 Ra5 12. 0-0 Nge7 13. b4 Ra8 14. b5 Na7 15. c4 Ng6 16. f5 Ne7 17. Ng5 h6 18. Nh3 f6 19. Qh5+ Kf8 20. Ng5 fxg5 21. f6 Ng8 22. fxg7+ Kxg7 23. Bxg5 hxg5 24. Qxg5+ Kh7 25. Rf3 Nh6 26. Raf1 Qg7 27. Qxg7+ Kxg7 28. Rg3+ Kh7 29. Rf6 Raf8 30. Re6 Nc8 31. Rgg6 Nf7 32. Rg3 Nd8 33. Rh3+ Kg7 34. Rg3+ Kf7 0-1